000 00262nam a22001217a 4500
008 211029b ||||| |||| 00| 0 eng d
020 _a9780141326221
050 _a823
_b1
245 _aRoald Dahl
260 _aU.K
_bDahl Roald
300 _a1
942 _2ddc
_cBK
999 _c11865
_d11865